| 000 | 00720nam a2200241 i 4500 | ||
|---|---|---|---|
| 001 | 113998 | ||
| 003 | ES-MaACL | ||
| 005 | 20250829112200.0 | ||
| 007 | t| | ||
| 008 | 061121s1971 sp r ||||1| spa d | ||
| 100 | 1 |
_aPaillat, Paul. _988320 |
|
| 245 | 1 | 0 |
_aSociología de la vejez / _cPaul Paillat ; [traducción de A. Artis]. |
| 250 | _a1ª ed. | ||
| 260 |
_aBarcelona : _bOikos-Tau, _c1971. |
||
| 300 |
_a123 p. ; _c18 cm. |
||
| 490 | 1 |
_a¿Qué se? ; _v47 |
|
| 650 | 4 |
_aAncianos- _xSituación social. _9165343 |
|
| 650 | 0 | 4 |
_aEnvejecimiento- _xAspectos sociales. _912330 |
| 700 | 1 |
_aArtis, A. _923488 |
|
| 830 | 0 |
_a¿Qué sé? _v47 _9181382 |
|
| 852 |
_aES-MaACL _jC-42032 |
||
| 999 |
_c113998 _d113998 |
||